Most Streamed Childish Gambino Songs - Statistics

General Stats
  • This quiz has been taken 111 times
    7 since last reset
  • The average score is 11 of 20
Answer Stats
# Streams Answer % Correct
1 1,988,371,240 Redbone
100%
4 863,068,818 Heartbeat
86%
3 1,051,662,194 Les
86%
2 1,083,236,438 3005
71%
8 466,883,599 Bonfire
71%
5 838,847,769 Me and Your Mama
71%
6 648,593,311 This Is America
71%
10 422,518,127 Feels Like Summer
57%
13 193,388,289 III. Urn
57%
9 461,351,014 IV. Sweatpants
57%
19 93,676,917 Letter Home
57%
14 192,320,357 III. Telegraph Ave. ("Oakland" by Lloyd)
43%
15 169,747,276 I. The Worst Guys
43%
17 97,421,704 Lithonia
43%
7 491,427,472 Sober
43%
12 253,031,323 Summertime Magic
43%
11 301,123,429 Bed Peace
29%
20 90,468,412 Favorite Song
29%
16 108,034,407 Retro (Rough)
29%
18 95,259,229 Break Your Heart Right Back
14%
No matching quizzes found
Score Distribution
Percent of People with Each Score
Percentile by Number Answered
Your Score History
You have not taken this quiz since the last reset